000 00265nam a2200109Ia 4500
008 200302s9999 xx 000 0 und d
100 _aAuthor
245 _aSocial Spaces Vol 2
260 _bThe Images Publishing Group Pvt., Ltd.
260 _c2003
300 _a224 P.,
999 _c5013
_d5013